000 00320nam a22001337a 4500
008 171018b xxu||||| |||| 00| 0 eng d
020 _a0199240434
041 _aeng
080 _a338
100 _a53
101 _aMEN
245 _aLIFE ON THE LINE IN CONTEMPORARY MANUFACTURING
_cDELBRIDGE,R
942 _2udc
_cBK
999 _c34636
_d34636